[Event "CAN-ch"]
[Site "Toronto CAN"]
[Date "2004.08.29"]
[Round "9.2"]
[White "Zugic, Igor"]
[Black "Tyomkin, Dimitri"]
[Result "1/2-1/2"]
[WhiteElo "2522"]
[BlackElo "2550"]
[PlyCount "101"]
[GameId "2160767911086294"]
[EventDate "2004.08.20"]
[EventType "swiss"]
[EventRounds "11"]
[EventCountry "CAN"]

1. Nf3 Nf6 2. c4 g6 3. Nc3 d5 4. Qa4+ Bd7 5. Qb3 dxc4 6. Qxc4 a6 7. d4 b5 8. Qb3 Bg7 9. Bf4 Nc6 10. e3 Nh5 11. Bg5 h6 12. Bh4 g5 13. Bg3 Nxg3 14. hxg3 g4 15. Nh4 O-O 16. Bd3 e5 17. d5 Na5 18. Qc2 c6 19. dxc6 Nxc6 20. Rd1 Ne7 21. Bh7+ Kh8 22. Bf5 Nxf5 23. Nxf5 Bxf5 24. Qxf5 Qc8 25. Qxc8 Raxc8 26. Ke2 Rfd8 27. Rxd8+ Rxd8 28. Rd1 Rxd1 29. Kxd1 e4 30. Kc2 f5 31. Nd5 Bf8 32. Kb3 Bd6 33. a4 Kg7 34. axb5 axb5 35. Nc3 b4 36. Nd5 h5 37. Nxb4 f4 38. exf4 Bc5 39. Nd5 Bxf2 40. Kc3 Bxg3 41. Kd4 h4 42. Kxe4 h3 43. Ne3 Kg6 44. gxh3 gxh3 45. Nf1 Be1 46. Kf3 Kf5 47. b3 h2 48. Ne3+ Ke6 49. Kg2 Bd2 50. f5+ Kf6 51. Ng4+ 1/2-1/2

[Event "CAN-ch"]
[Site "Toronto CAN"]
[Date "2004.08.29"]
[Round "9.4"]
[White "Noritsyn, Nikolay"]
[Black "Bluvshtein, Mark"]
[Result "0-1"]
[WhiteElo "2323"]
[BlackElo "2520"]
[PlyCount "68"]
[GameId "2160767911086296"]
[EventDate "2004.08.20"]
[EventType "swiss"]
[EventRounds "11"]
[EventCountry "CAN"]

1. e4 c5 2. Nf3 d6 3. d4 cxd4 4. Nxd4 Nf6 5. Nc3 Nc6 6. Bg5 e6 7. Qd2 Be7 8. O-O-O a6 9. f4 Bd7 10. Nf3 b5 11. Bxf6 gxf6 12. f5 Qb6 13. g3 b4 14. fxe6 fxe6 15. Ne2 Qf2 16. Ned4 Qxd2+ 17. Rxd2 Kf7 18. Bc4 Rhc8 19. Nf5 Nb8 20. Bb3 a5 21. Rxd6 Rc7 22. Rd4 Nc6 23. Rd3 a4 24. Bc4 b3 25. Nxe7 Kxe7 26. Kb1 bxc2+ 27. Kc1 Na5 28. Rxd7+ Rxd7 29. Bb5 Nb3+ 30. Kxc2 Nd4+ 31. Nxd4 Rxd4 32. Re1 Rc8+ 33. Kb1 Rb8 34. Bc6 Rc4 0-1

[Event "CAN-ch"]
[Site "Toronto CAN"]
[Date "2004.08.29"]
[Round "9.7"]
[White "Quan Zhe"]
[Black "Stevens, Christian"]
[Result "0-1"]
[WhiteElo "2420"]
[BlackElo "2320"]
[PlyCount "110"]
[GameId "2160767911086297"]
[EventDate "2004.08.20"]
[EventType "swiss"]
[EventRounds "11"]
[EventCountry "CAN"]

1. d4 Nf6 2. c4 Nc6 3. Nf3 e6 4. Nc3 Bb4 5. Qc2 d6 6. Bd2 O-O 7. a3 Bxc3 8. Bxc3 Re8 9. e3 e5 10. dxe5 Nxe5 11. Nxe5 dxe5 12. Be2 c5 13. Bf3 Rb8 14. O-O b6 15. Rad1 Qc7 16. h3 Be6 17. Bd5 Rbd8 18. Bxe6 Rxe6 19. Qf5 Rde8 20. Qf3 Nd7 21. Rd5 Nf8 22. Rfd1 f6 23. Qg4 R6e7 24. f4 exf4 25. exf4 Ng6 26. f5 Nf4 27. Bxf6 Nxd5 28. cxd5 Rf7 29. Bc3 Qd7 30. d6 Qxf5 31. d7 Rd8 32. Qe2 Rfxd7 33. Rf1 Qd5 34. Qg4 Rf7 35. Re1 Qf5 36. Qc4 Rdf8 37. Rd1 Qf2+ 38. Kh1 Qf4 39. Qe6 Qf5 40. Qc4 Re8 41. b3 h6 42. a4 Re4 43. Qd3 Rf4 44. Qd8+ Kh7 45. Kh2 Rf1 46. Rxf1 Qxf1 47. Be5 Qf5 48. Bg3 Qe4 49. Qd6 Rf1 50. Qc7 Qb1 51. Be5 Rh1+ 52. Kg3 Qxb3+ 53. Kh4 Qg8 54. Qe7 Rf1 55. Bc3 Qc4+ 0-1

[Event "CAN-ch"]
[Site "Toronto CAN"]
[Date "2004.08.29"]
[Round "9.8"]
[White "Jiganchine, Roman"]
[Black "Ochkoos, Jura"]
[Result "1/2-1/2"]
[WhiteElo "2218"]
[BlackElo "2338"]
[PlyCount "94"]
[GameId "2160767911086298"]
[EventDate "2004.08.20"]
[EventType "swiss"]
[EventRounds "11"]
[EventCountry "CAN"]

1. e4 e5 2. Nf3 Nc6 3. Bb5 a6 4. Ba4 d6 5. O-O Bd7 6. Re1 Nge7 7. c3 Ng6 8. d3 Be7 9. Nbd2 O-O 10. Nf1 f5 11. Ng3 fxe4 12. dxe4 Kh8 13. Nd2 Bg5 14. Ndf1 Bxc1 15. Rxc1 Nf4 16. Nh5 Qg5 17. Nxf4 exf4 18. Bxc6 Bxc6 19. Nd2 Rae8 20. f3 Rf6 21. Nf1 Re5 22. Qd2 Qh6 23. Qf2 g5 24. Qa7 Qg7 25. Nd2 g4 26. Qd4 Rg5 27. Rc2 h5 28. Qf2 Kh7 29. Qh4 Rfg6 30. Re2 Kg8 31. Kh1 d5 32. exd5 Bxd5 33. fxg4 Bc6 34. Nf3 Rd5 35. Rcd2 Rxg4 36. Rxd5 Rxh4 37. Rg5 Rg4 38. Rxg7+ Rxg7 39. Rd2 Re7 40. Kg1 Kg7 41. Kf2 Kf6 42. Rd4 Kf5 43. Rd8 Bxf3 44. Kxf3 Re3+ 45. Kf2 Re7 46. Kf3 Re3+ 47. Kf2 Re7 1/2-1/2

[Event "CAN-ch"]
[Site "Toronto CAN"]
[Date "2004.08.29"]
[Round "9.12"]
[White "Gravel, Simon M"]
[Black "Filipovich, David"]
[Result "0-1"]
[WhiteElo "2333"]
[BlackElo "2258"]
[PlyCount "64"]
[GameId "2160767911086300"]
[EventDate "2004.08.20"]
[EventType "swiss"]
[EventRounds "11"]
[EventCountry "CAN"]

1. Nf3 g6 2. c4 Bg7 3. Nc3 d6 4. g3 c5 5. Bg2 Nc6 6. O-O e5 7. d3 Nge7 8. a3 O-O 9. Rb1 a5 10. Ne1 Be6 11. Nd5 Rb8 12. Nc2 b5 13. Bg5 f6 14. Bd2 b4 15. f4 Qd7 16. Nce3 f5 17. Qa4 exf4 18. gxf4 Nxd5 19. cxd5 Nd4 20. Qd1 Bf7 21. a4 Qb7 22. Nc4 Bxd5 23. Nxd6 Qc6 24. Bxd5+ Qxd5 25. Nc4 Rfe8 26. Rf2 Rbd8 27. Nxa5 Nxe2+ 28. Rxe2 Bd4+ 29. Rf2 Bxf2+ 30. Kxf2 Qxd3 31. Qb3+ Qxb3 32. Nxb3 Rd3 0-1

[Event "CAN-ch"]
[Site "Toronto CAN"]
[Date "2004.08.29"]
[Round "9.13"]
[White "Divljan, Igor"]
[Black "Predescu, Sebastian"]
[Result "0-1"]
[WhiteElo "2344"]
[BlackElo "2232"]
[PlyCount "90"]
[GameId "2160767911086301"]
[EventDate "2004.08.20"]
[EventType "swiss"]
[EventRounds "11"]
[EventCountry "CAN"]

1. d4 Nf6 2. c4 g6 3. Nc3 Bg7 4. e4 d6 5. f4 O-O 6. Nf3 Na6 7. Be3 c5 8. d5 e6 9. h3 exd5 10. exd5 Re8 11. Kf2 Nc7 12. a4 b6 13. Bd3 a6 14. Qc2 Rb8 15. Rab1 b5 16. b3 Bg4 17. Bd2 Bxf3 18. Kxf3 Qd7 19. g4 bxc4 20. bxc4 Rxb1 21. Rxb1 Qc8 22. Ne4 Nxe4 23. Bxe4 Re7 24. f5 Be5 25. h4 Ne8 26. h5 gxh5 27. g5 f6 28. Rh1 Ng7 29. Rg1 Kh8 30. g6 Bd4 31. Rg2 Qd7 32. gxh7 Kxh7 33. Bc1 Kh8 34. Rg6 Kh7 35. Bf4 Kh8 36. Bg3 Kh7 37. Kg2 Rxe4 38. Qxe4 Nxf5 39. Rxf6 Bxf6 40. Bxd6 Qxd6 41. Qxf5+ Kh6 42. Qd3 h4 43. Qe3+ Bg5 44. Qe8 Qg3+ 45. Kh1 Qh3+ 0-1

[Event "CAN-ch"]
[Site "Toronto CAN"]
[Date "2004.08.29"]
[Round "9.16"]
[White "Tipu, Vincent"]
[Black "Meng, Ang"]
[Result "1-0"]
[WhiteElo "2307"]
[BlackElo "2159"]
[PlyCount "109"]
[GameId "2160767911086303"]
[EventDate "2004.08.20"]
[EventType "swiss"]
[EventRounds "11"]
[EventCountry "CAN"]

1. e4 d5 2. Nc3 Nf6 3. exd5 Nxd5 4. Bc4 Nxc3 5. Qf3 e6 6. dxc3 Qf6 7. Qe2 Nc6 8. Nf3 h6 9. Be3 Ne5 10. Bd4 Nxf3+ 11. gxf3 Qg5 12. h4 Qh5 13. O-O-O Bd7 14. Rd3 Rg8 15. Qe4 O-O-O 16. Bxa7 Bc5 17. Ba6 c6 18. Bxc5 Qxc5 19. Bc4 g5 20. Rhd1 Qxf2 21. hxg5 Rxg5 22. R3d2 Qc5 23. b4 Qa7 24. Kb2 Rg1 25. Qf4 Rxd1 26. Rxd1 Be8 27. Rxd8+ Kxd8 28. Qxh6 c5 29. Qf8 Qb6 30. a4 cxb4 31. Bb5 bxc3+ 32. Kb3 Kc7 33. Qe7+ Kb8 34. Qxe8+ Ka7 35. Qxf7 Qd6 36. Qd7 Qc5 37. Qxe6 Qg1 38. Qe2 Kb6 39. Kxc3 Ka5 40. Kb2 Qd4+ 41. c3 Qd6 42. Be8 Kb6 43. Qe3+ Kc7 44. f4 Qh6 45. Bb5 Kb8 46. Bd3 Ka8 47. Qd4 Qh2+ 48. Bc2 b5 49. axb5 Kb7 50. f5 Kc7 51. f6 Qh5 52. Qc4+ Kb8 53. f7 Qf3 54. b6 Ka8 55. Qc8# 1-0

[Event "CAN-ch"]
[Site "Toronto CAN"]
[Date "2004.08.29"]
[Round "9.17"]
[White "Bailey, Doug"]
[Black "Moskvitch, Andrei"]
[Result "1-0"]
[WhiteElo "2290"]
[BlackElo "2142"]
[PlyCount "63"]
[GameId "2160767911086304"]
[EventDate "2004.08.20"]
[EventType "swiss"]
[EventRounds "11"]
[EventCountry "CAN"]

1. e4 c5 2. Nf3 d6 3. d4 cxd4 4. Nxd4 Nf6 5. Nc3 e6 6. Bd3 Be7 7. Be3 O-O 8. Qe2 a6 9. a4 b6 10. O-O Bb7 11. Rad1 Nbd7 12. Rfe1 Nc5 13. f3 Qd7 14. Nb3 Qc7 15. Bd4 Rfd8 16. Kh1 Nfd7 17. f4 Nxb3 18. cxb3 Nc5 19. Bc4 Bf8 20. f5 d5 21. exd5 exd5 22. Be5 Qc8 23. Nxd5 Qxf5 24. Rf1 Qg5 25. Rxf7 Kxf7 26. Nf4+ Ke7 27. Bd6+ Kf6 28. Rf1 Bxd6 29. Ne6+ Kg6 30. Nxg5 Kxg5 31. Qe3+ Kg6 32. Bf7# 1-0

[Event "CAN-ch"]
[Site "Toronto CAN"]
[Date "2004.08.29"]
[Round "9.18"]
[White "Davies, Lucas"]
[Black "Golts, Roman"]
[Result "1-0"]
[WhiteElo "2153"]
[BlackElo "2271"]
[PlyCount "65"]
[GameId "2160767911086305"]
[EventDate "2004.08.20"]
[EventType "swiss"]
[EventRounds "11"]
[EventCountry "CAN"]

1. e4 c5 2. Nc3 Nc6 3. g3 g6 4. Bg2 Bg7 5. d3 d6 6. Be3 e5 7. Qd2 Nge7 8. Bh6 Bxh6 9. Qxh6 Qb6 10. Rb1 Nd4 11. Qd2 Be6 12. h3 O-O-O 13. Nd5 Bxd5 14. exd5 Qa6 15. Ne2 Qxa2 16. O-O Nxe2+ 17. Qxe2 Qa5 18. f4 Nf5 19. fxe5 Rhe8 20. e6 Qc7 21. b4 fxe6 22. dxe6 Nxg3 23. Qg4 Nxf1 24. Kxf1 Qe7 25. Bd5 Rf8+ 26. Ke2 Rf5 27. c4 b6 28. bxc5 dxc5 29. Kd2 Qg5+ 30. Qxg5 Rxg5 31. Rf1 Rf5 32. Rxf5 gxf5 33. Bc6 1-0

[Event "CAN-ch"]
[Site "Toronto CAN"]
[Date "2004.08.29"]
[Round "9.19"]
[White "Masse, Hugues"]
[Black "Gardner, Robert"]
[Result "1/2-1/2"]
[WhiteElo "2188"]
[BlackElo "2249"]
[PlyCount "43"]
[GameId "2160767911086306"]
[EventDate "2004.08.20"]
[EventType "swiss"]
[EventRounds "11"]
[EventCountry "CAN"]

1. d4 d6 2. c4 e5 3. Nf3 e4 4. Ng5 f5 5. Nc3 Be7 6. Nh3 Nf6 7. g3 c6 8. d5 Na6 9. Bg2 Nc7 10. O-O cxd5 11. cxd5 O-O 12. f3 exf3 13. exf3 b6 14. Re1 Bb7 15. f4 Ng4 16. Nf2 Nxf2 17. Kxf2 Bf6 18. Be3 Re8 19. Qd2 Qd7 20. Bd4 Bxd4+ 21. Qxd4 Rad8 22. Bf3 1/2-1/2

[Event "CAN-ch"]
[Site "Toronto CAN"]
[Date "2004.08.29"]
[Round "9.20"]
[White "Patterson, Roger"]
[Black "Voskanyan, Vahagn"]
[Result "1-0"]
[WhiteElo "2195"]
[BlackElo "2264"]
[PlyCount "99"]
[GameId "2160767911086307"]
[EventDate "2004.08.20"]
[EventType "swiss"]
[EventRounds "11"]
[EventCountry "CAN"]

1. e4 e6 2. d4 d5 3. Nc3 dxe4 4. Nxe4 Nf6 5. Nxf6+ gxf6 6. Nf3 c5 7. Be3 Qc7 8. Qd2 cxd4 9. Nxd4 a6 10. O-O-O Bd7 11. Be2 Nc6 12. Bh5 Be7 13. Nb3 Ne5 14. Bb6 Qxb6 15. f4 O-O-O 16. fxe5 Be8 17. Qc3+ Qc7 18. Qxc7+ Kxc7 19. Rdf1 f5 20. g4 Bb5 21. Rd1 Bg5+ 22. Kb1 Rxd1+ 23. Rxd1 Be2 24. Re1 Bxg4 25. Bxf7 Bh4 26. Rg1 h5 27. Nd4 Bf2 28. Nxe6+ Kd7 29. Rf1 Be3 30. Nf4 Bxf4 31. Rxf4 Ke7 32. Bd5 Rd8 33. c4 b5 34. b3 bxc4 35. bxc4 Rb8+ 36. Kc2 Rc8 37. Kc3 Rb8 38. Rf1 a5 39. Rf2 Rb1 40. Rb2 Re1 41. Kd4 f4 42. Rb7+ Kd8 43. Rf7 Re2 44. Rxf4 Rxa2 45. Kc5 Rb2 46. Rf8+ Ke7 47. Rf7+ Ke8 48. Ra7 Bd7 49. Rxa5 h4 50. e6 1-0

[Event "CAN-ch"]
[Site "Toronto CAN"]
[Date "2004.08.29"]
[Round "9.22"]
[White "Urquhart, Eddie"]
[Black "Bogle, Bill"]
[Result "1/2-1/2"]
[WhiteElo "2273"]
[BlackElo "2118"]
[PlyCount "109"]
[GameId "2160767911086308"]
[EventDate "2004.08.20"]
[EventType "swiss"]
[EventRounds "11"]
[EventCountry "CAN"]

1. e4 c5 2. Nf3 Nc6 3. d4 cxd4 4. Nxd4 Nf6 5. Nc3 d6 6. f4 Qb6 7. Nb3 g6 8. Bd3 Bg7 9. Qf3 O-O 10. Be3 Qc7 11. O-O a6 12. a4 Na5 13. Nxa5 Qxa5 14. h3 Be6 15. g4 Rac8 16. Rab1 Bc4 17. Rf2 Bxd3 18. cxd3 Qb4 19. Bd2 Rc5 20. e5 Nd7 21. Ne4 Qxa4 22. Nxc5 Nxc5 23. Bc3 Qb5 24. Rd1 Ne6 25. d4 d5 26. h4 f5 27. exf6 Bxf6 28. Qe3 Qd7 29. Qg3 Qa4 30. Rfd2 b5 31. b4 Qb3 32. Rd3 Bxh4 33. Qxh4 Nxf4 34. Qe1 Nxd3 35. Rxd3 Qc2 36. Re3 Rf4 37. Qe2 Qxe2 38. Rxe2 Rxg4+ 39. Kf2 Kf7 40. Ra2 Rf4+ 41. Kg3 Rf6 42. Bd2 Rc6 43. Bf4 Rc4 44. Be5 Rxb4 45. Rxa6 Rb1 46. Kf3 b4 47. Ke2 b3 48. Kd2 b2 49. Rb6 Rg1 50. Rxb2 Rg2+ 51. Kc3 Rxb2 52. Kxb2 Ke6 53. Kc2 Kf5 54. Kd2 Kg4 55. Ke2 1/2-1/2

[Event "CAN-ch"]
[Site "Toronto CAN"]
[Date "2004.08.29"]
[Round "9.23"]
[White "Kret, Ted"]
[Black "Boik, Andrew"]
[Result "1/2-1/2"]
[WhiteElo "2236"]
[BlackElo "2058"]
[PlyCount "117"]
[GameId "2160767911086309"]
[EventDate "2004.08.20"]
[EventType "swiss"]
[EventRounds "11"]
[EventCountry "CAN"]

1. d4 Nf6 2. c4 e6 3. Nc3 Bb4 4. e3 c5 5. Bd3 Bxc3+ 6. bxc3 d6 7. f4 e5 8. Ne2 Nc6 9. fxe5 dxe5 10. d5 e4 11. Bb1 Ne5 12. O-O O-O 13. Ng3 Nxc4 14. Rxf6 Qxf6 15. Nxe4 Qh4 16. Nxc5 Bg4 17. Qf1 Nd6 18. e4 b6 19. Bf4 Rfd8 20. Nb3 Rac8 21. Nd4 Rxc3 22. Bd3 Nb7 23. Nc6 Re8 24. Ne5 Qf6 25. Nxg4 Qd4+ 26. Nf2 Rxd3 27. Kh1 Rc3 28. Rd1 Qc4 29. Qe1 Nc5 30. d6 Rd8 31. Be5 Rc2 32. Qe3 Qe2 33. Qg3 Ne6 34. Kg1 Rxa2 35. Rf1 Qh5 36. Bf6 Rf8 37. Be7 Re8 38. Qb3 Ra5 39. Rd1 h6 40. Qb4 Qc5 41. Qb1 Rxe7 42. dxe7 Qxe7 43. Qd3 Nc5 44. Qd5 Ra4 45. e5 Qe6 46. Qd6 Ra2 47. h3 Qf5 48. Ng4 h5 49. Rf1 Qg5 50. Qd5 Rxg2+ 51. Kxg2 hxg4 52. Qxf7+ Kh7 53. Rf5 Qd2+ 54. Kg1 Qe1+ 55. Kg2 gxh3+ 56. Kxh3 Qh1+ 57. Kg4 Qg2+ 58. Kh4 Qh2+ 59. Kg4 1/2-1/2

[Event "CAN-ch"]
[Site "Toronto CAN"]
[Date "2004.08.29"]
[Round "9.24"]
[White "Lipnowski, Samuel"]
[Black "St Amand, Paul Jr"]
[Result "1-0"]
[WhiteElo "2078"]
[BlackElo "2139"]
[PlyCount "105"]
[GameId "2160767911086310"]
[EventDate "2004.08.20"]
[EventType "swiss"]
[EventRounds "11"]
[EventCountry "CAN"]

1. e4 c5 2. Nf3 d6 3. d4 cxd4 4. Nxd4 Nf6 5. Nc3 a6 6. Bg5 e6 7. Qe2 Nbd7 8. O-O-O Be7 9. f4 O-O 10. g4 Qc7 11. Bg2 Re8 12. h4 Rb8 13. Rhe1 Nb6 14. e5 dxe5 15. fxe5 Nfd7 16. Bxe7 Rxe7 17. Nf3 Nf8 18. h5 Bd7 19. h6 g6 20. Qe3 Bc6 21. Qg5 f5 22. exf6 Rf7 23. Nh4 Bxg2 24. Nxg2 Rc8 25. Ne3 Nc4 26. Nxc4 Qxc4 27. Re4 Qc6 28. Qf4 e5 29. Qxe5 Nd7 30. Qe6 Nxf6 31. Qxc6 Rxc6 32. Rd8+ Rf8 33. Rxf8+ Kxf8 34. Rb4 Rc7 35. g5 Nd7 36. Rf4+ Ke8 37. Kd2 Rc5 38. Ne4 Rd5+ 39. Ke2 Ke7 40. b3 Nf8 41. c4 Ne6 42. cxd5 Nxf4+ 43. Ke3 Nxd5+ 44. Kd4 Nc7 45. Ke5 Ne6 46. b4 Nd8 47. a3 Ne6 48. Kd5 Nf8 49. Nf6 Ne6 50. Nxh7 Nd8 51. Nf6 Kf7 52. Kd6 Kf8 53. Ne4 1-0

[Event "CAN-ch"]
[Site "Toronto CAN"]
[Date "2004.08.29"]
[Round "9.26"]
[White "Southam, David"]
[Black "Goutor, Valentina"]
[Result "0-1"]
[WhiteElo "2129"]
[BlackElo "2065"]
[PlyCount "66"]
[GameId "2160767911086311"]
[EventDate "2004.08.20"]
[EventType "swiss"]
[EventRounds "11"]
[EventCountry "CAN"]

1. d4 Nf6 2. c4 g6 3. Nc3 Bg7 4. e4 d6 5. Nf3 O-O 6. Be2 e5 7. O-O Nc6 8. d5 Ne7 9. Ne1 Nd7 10. f3 f5 11. Be3 f4 12. Bf2 g5 13. a4 Rf7 14. a5 Bf8 15. b4 Rg7 16. c5 Nf6 17. cxd6 cxd6 18. g4 fxg3 19. Bxg3 Ng6 20. Kh1 Nh5 21. Bf2 Ngf4 22. Nd3 Nh3 23. Be3 N5f4 24. Nb5 h5 25. Nxa7 Bd7 26. Nf2 Be7 27. Bb5 g4 28. Bxd7 Qxd7 29. fxg4 hxg4 30. Qa4 g3 31. hxg3 Nxf2+ 32. Rxf2 Qh3+ 33. Rh2 Qxg3 0-1

[Event "CAN-ch"]
[Site "Toronto CAN"]
[Date "2004.08.29"]
[Round "9.27"]
[White "Anastasovski, Nikola"]
[Black "Henry, Liam"]
[Result "1-0"]
[WhiteElo "2080"]
[BlackElo "2145"]
[PlyCount "113"]
[GameId "2160767911086312"]
[EventDate "2004.08.20"]
[EventType "swiss"]
[EventRounds "11"]
[EventCountry "CAN"]

1. e4 c5 2. c4 Nc6 3. Nc3 g6 4. g3 Bg7 5. Bg2 d6 6. d3 e6 7. Be3 Nge7 8. Qd2 Nd4 9. Nge2 Nec6 10. Rc1 Bd7 11. O-O O-O 12. Bh6 a6 13. Bxg7 Kxg7 14. f4 f5 15. Nxd4 cxd4 16. Ne2 e5 17. b4 Qe7 18. b5 Nd8 19. a4 Rb8 20. Qb4 Ne6 21. fxe5 Nc5 22. exd6 Qe5 23. Rcd1 fxe4 24. Qb2 Rxf1+ 25. Rxf1 Nxd3 26. Qxd4 Qxd4+ 27. Nxd4 Re8 28. Rd1 Nb2 29. Rc1 Nd3 30. Rb1 axb5 31. cxb5 Kf6 32. Rf1+ Ke5 33. Rf7 Kxd4 34. Rxd7 e3 35. Re7 Rd8 36. Re4+ Kc5 37. Rxe3 Nb2 38. a5 Nc4 39. Re7 Nxa5 40. d7 Kd6 41. Rxh7 Rxd7 42. Rh6 Kc5 43. Rxg6 Kxb5 44. h4 Nb3 45. h5 Rh7 46. g4 Kc5 47. Be4 Kd4 48. Bc2 Nc5 49. Rg8 Rh6 50. Bf5 Ke5 51. Kg2 Nb3 52. Kg3 Nd4 53. Bg6 Ne6 54. Kh4 Kf6 55. Rb8 b5 56. Bf5 Nd4 57. g5+ 1-0

[Event "CAN-ch"]
[Site "Toronto CAN"]
[Date "2004.08.29"]
[Round "9.28"]
[White "Thavandiran, Shiyam"]
[Black "Smith, Hazel"]
[Result "1-0"]
[WhiteElo "2253"]
[BlackElo "2016"]
[PlyCount "135"]
[GameId "2160767911086313"]
[EventDate "2004.08.20"]
[EventType "swiss"]
[EventRounds "11"]
[EventCountry "CAN"]

1. e4 e6 2. d4 d5 3. e5 b6 4. c3 Qd7 5. Be3 Ba6 6. Bxa6 Nxa6 7. Ne2 Ne7 8. Ng3 Nb8 9. O-O Nbc6 10. Nd2 O-O-O 11. a4 Kb7 12. b4 Nf5 13. Nb3 Be7 14. b5 Nb8 15. Nxf5 exf5 16. Qe2 Qe6 17. a5 Nd7 18. axb6 axb6 19. Ra7+ Kc8 20. c4 dxc4 21. Ra8+ Nb8 22. Nd2 Kd7 23. Nxc4 Ke8 24. Qa2 Kf8 25. Rc1 h6 26. Qa7 Nd7 27. Rxd8+ Bxd8 28. Qa8 Qe8 29. d5 Kg8 30. d6 Kh7 31. f4 Qe6 32. dxc7 Bxc7 33. Qc6 Bd8 34. Qxe6 fxe6 35. Rd1 Nb8 36. Bxb6 Bxb6+ 37. Nxb6 Kg6 38. Rd6 Kf7 39. Nd7 Re8 40. b6 g5 41. b7 gxf4 42. Nxb8 Rxb8 43. Rd7+ Kg6 44. Re7 Kg5 45. Rg7+ Kh5 46. Kf2 Rd8 47. Ke2 f3+ 48. Kxf3 f4 49. Kxf4 Kh4 50. Rc7 Rb8 51. Ke4 Kg5 52. Rg7+ Kh4 53. Kd4 h5 54. Rh7 Kg5 55. Kc5 Kg6 56. Rd7 Kf5 57. Kd6 Rg8 58. Kc7 Kxe5 59. Rh7 Kf6 60. Rxh5 Rg7+ 61. Kb6 Rxg2 62. b8=Q Rb2+ 63. Kc7 Rxb8 64. Kxb8 e5 65. Rh8 e4 66. h4 Kf5 67. h5 e3 68. Re8 1-0

[Event "CAN-ch"]
[Site "Toronto CAN"]
[Date "2004.08.29"]
[Round "9.30"]
[White "Starr (Shterenberg), Nava"]
[Black "Lavin, David"]
[Result "1/2-1/2"]
[WhiteElo "2229"]
[BlackElo "2171"]
[PlyCount "87"]
[GameId "2160767911086314"]
[EventDate "2004.08.20"]
[EventType "swiss"]
[EventRounds "11"]
[EventCountry "CAN"]

1. e4 c5 2. Nc3 Nc6 3. f4 e6 4. Nf3 a6 5. a4 d5 6. d3 Nf6 7. Qe2 Be7 8. g3 O-O 9. Bg2 d4 10. Nd1 Bd7 11. O-O b5 12. axb5 axb5 13. Rxa8 Qxa8 14. Nf2 Qa4 15. g4 c4 16. g5 Ne8 17. Ng4 f6 18. gxf6 Bxf6 19. Nge5 Bxe5 20. Nxe5 Nxe5 21. fxe5 Rxf1+ 22. Bxf1 c3 23. Qf2 h6 24. bxc3 dxc3 25. Bf4 b4 26. Qd4 Qb5 27. Qa7 Qa4 28. Qb7 Qb5 29. Qxb5 Bxb5 30. d4 Ba4 31. Bd3 Nc7 32. Kf2 Nb5 33. Bxb5 Bxb5 34. Ke3 g5 35. Bg3 Bc6 36. Be1 Kf7 37. Kd3 Bb5+ 38. Ke3 Bc4 39. d5 exd5 40. Kd4 Ke6 41. Bf2 Ba2 42. exd5+ Bxd5 43. Bg3 Be4 44. Kc4 1/2-1/2

[Event "CAN-ch"]
[Site "Toronto CAN"]
[Date "2004.08.29"]
[Round "9.31"]
[White "Davies, Noam"]
[Black "Schmidt, Tom"]
[Result "0-1"]
[WhiteElo "1953"]
[BlackElo "2216"]
[PlyCount "46"]
[GameId "2160767911086315"]
[EventDate "2004.08.20"]
[EventType "swiss"]
[EventRounds "11"]
[EventCountry "CAN"]

1. e4 e5 2. Nf3 Nc6 3. Bb5 a6 4. Ba4 Nf6 5. d3 d6 6. c3 Bd7 7. O-O g6 8. Re1 Bg7 9. Nbd2 O-O 10. Nf1 Nh5 11. Ne3 Nf4 12. g3 Nh3+ 13. Kg2 f5 14. exf5 gxf5 15. Kxh3 f4+ 16. Kg2 fxe3 17. fxe3 Bg4 18. Bxc6 bxc6 19. Rf1 Qd7 20. Rf2 d5 21. Qc2 Rxf3 22. Rxf3 Bxf3+ 23. Kxf3 Qh3 0-1

[Event "CAN-ch"]
[Site "Toronto CAN"]
[Date "2004.08.29"]
[Round "9.32"]
[White "MacDonald, Jonathan"]
[Black "Ng, Gary"]
[Result "1/2-1/2"]
[WhiteElo "2125"]
[BlackElo "2180"]
[PlyCount "247"]
[GameId "2160767911086316"]
[EventDate "2004.08.20"]
[EventType "swiss"]
[EventRounds "11"]
[EventCountry "CAN"]

1. e4 b6 2. Bc4 Bb7 3. Nf3 e6 4. Qe2 c5 5. d3 Nc6 6. c3 d6 7. O-O Nf6 8. Bf4 Be7 9. Nbd2 O-O 10. h3 Na5 11. Bb5 a6 12. Ba4 b5 13. Bc2 Nc6 14. Rfe1 d5 15. e5 Nd7 16. d4 Qb6 17. dxc5 Nxc5 18. Be3 Qc7 19. Bxc5 Bxc5 20. Bxh7+ Kxh7 21. Ng5+ Kg8 22. Qh5 Rfc8 23. Qh7+ Kf8 24. Qh8+ Ke7 25. Qxg7 Rf8 26. Nb3 Bb6 27. Rad1 Qd8 28. Ne4 Kd7 29. Nf6+ Kc8 30. Nd4 Kb8 31. Nd7+ Ka7 32. Nxf8 Nxd4 33. cxd4 Qxf8 34. Qxf8 Rxf8 35. g4 Bd8 36. f4 b4 37. Kg2 Rh8 38. Re3 Bc6 39. f5 Bg5 40. Rf3 Bb5 41. fxe6 fxe6 42. Rf7+ Kb6 43. Rg7 Bh4 44. Rg6 Rf8 45. Rxe6+ Ka5 46. Rd2 Be1 47. Rc2 Bd3 48. Rc1 Bh4 49. Rh6 Bg5 50. Rc5+ Ka4 51. Rd6 Bh4 52. Rf6 Bxf6 53. exf6 Rxf6 54. Kg3 Be4 55. g5 Rf3+ 56. Kg4 Rd3 57. b3+ Ka3 58. Ra5+ Kb2 59. Rxa6 Rxd4 60. Kh5 Bf3+ 61. Kg6 Rh4 62. Kf7 Rxh3 63. g6 Bh5 64. Kf6 Rf3+ 65. Ke5 Bxg6 66. Kxd5 Bb1 67. Kc5 Rf4 68. Ra4 Kc3 69. a3 Rf5+ 70. Kd6 bxa3 71. Rxa3 Kb2 72. Ra8 Kxb3 73. Rc8 Bd3 74. Rc5 Rf4 75. Ke5 Re4+ 76. Kd5 Rh4 77. Rc1 Bc4+ 78. Kc5 Rh5+ 79. Kd4 Rd5+ 80. Ke4 Rd8 81. Ra1 Kb4 82. Ra7 Kc5 83. Rc7+ Kb5 84. Ra7 Kb6 85. Rg7 Bb5 86. Rg5 Bc6+ 87. Ke3 Bd5 88. Kd4 Bc6+ 89. Kc4 Rd6 90. Re5 Bb7 91. Rb5+ Kc6 92. Rc5+ Kd7 93. Rg5 Ba6+ 94. Kc5 Rc6+ 95. Kd5 Bc4+ 96. Kd4 Kd6 97. Rg3 Be6 98. Ra3 Rc4+ 99. Kd3 Ke5 100. Ra6 Rd4+ 101. Ke3 Rh4 102. Ra8 Rh3+ 103. Kf2 Bf5 104. Ra4 Be4 105. Ra7 Kf4 106. Rf7+ Bf5 107. Rg7 Ra3 108. Re7 Ra8 109. Rf7 Ra2+ 110. Kf1 Kg4 111. Ke1 Be4 112. Rf8 Bf5 113. Kd1 Kf4 114. Kc1 Ke5 115. Rd8 Ke4 116. Rd6 Ke3 117. Rd8 Bd3 118. Re8+ Kd4 119. Rc8 Bc4 120. Kb1 Rh2 121. Rf8 Kc3 122. Rf3+ Bd3+ 123. Ka1 Rd2 124. Rg3 1/2-1/2

[Event "CAN-ch"]
[Site "Toronto CAN"]
[Date "2004.08.29"]
[Round "9.33"]
[White "Belzberg, Sid"]
[Black "Nezirovic, Ozren"]
[Result "1/2-1/2"]
[WhiteElo "2039"]
[BlackElo "2122"]
[PlyCount "49"]
[GameId "2160767911086317"]
[EventDate "2004.08.20"]
[EventType "swiss"]
[EventRounds "11"]
[EventCountry "CAN"]

1. d4 g6 2. c4 Bg7 3. Nc3 c5 4. Nf3 cxd4 5. Nxd4 Qb6 6. e3 Nc6 7. Nd5 Qd8 8. Be2 e6 9. Nc3 a6 10. O-O Nge7 11. b3 Nxd4 12. exd4 Nf5 13. Be3 Nxe3 14. fxe3 d6 15. Bf3 O-O 16. Rc1 Qg5 17. Qe2 Rb8 18. Ne4 Qe7 19. c5 d5 20. Nc3 Bd7 21. Rfd1 Bc6 22. e4 dxe4 23. Nxe4 Bh6 24. Rc2 Bxe4 25. Qxe4 1/2-1/2

[Event "CAN-ch"]
[Site "Toronto CAN"]
[Date "2004.08.29"]
[Round "9.34"]
[White "Aspler, Gerald"]
[Black "Cleto, Sam"]
[Result "1-0"]
[WhiteElo "2138"]
[BlackElo "1928"]
[PlyCount "89"]
[GameId "2160767911086318"]
[EventDate "2004.08.20"]
[EventType "swiss"]
[EventRounds "11"]
[EventCountry "CAN"]

1. c4 g6 2. d4 Nf6 3. Nc3 Bg7 4. e4 d6 5. f3 O-O 6. Be3 e5 7. d5 c6 8. Bd3 Nbd7 9. Nge2 cxd5 10. cxd5 b6 11. Qd2 Nc5 12. Bb5 Nh5 13. g4 Nf6 14. Bc6 Rb8 15. b4 Ncd7 16. Nb5 Ne8 17. Nxa7 f5 18. Bg5 Bf6 19. Bh6 Bh4+ 20. Kd1 Rf7 21. gxf5 Nf8 22. Nxc8 Rxc8 23. Rg1 Ng7 24. Ng3 b5 25. Ke2 Kh8 26. fxg6 Nxg6 27. Bxg7+ Rxg7 28. Nh5 Qb6 29. Qe3 Qa6 30. Nxg7 Nf4+ 31. Kd2 Qa4 32. a3 Bf2 33. Qxf2 Qb3 34. Rac1 Qd3+ 35. Ke1 Qxa3 36. Rd1 Qc3+ 37. Qd2 Qxf3 38. Nf5 Qxe4+ 39. Ne3 Rf8 40. Bxb5 Nxd5 41. Bd3 Qh4+ 42. Rg3 Nxb4 43. Bf1 Rf3 44. Rc1 Rf8 45. Rc4 1-0